00827nam a2200169 a 45000010005000000030009000050080041000140400028000550820017000831000020001002450065001202600029001853000008002145050380002226500030006026500025006321045CO-ViMGA141112s2004 ck r 000 u spa d aCO-ViMGAbspacCO-ViMGA a657.046 F4551 aFinney, Harry A10aCurso de contabilidad / cFinney Harry A , Miller Herbert E  aMexico : bUteha, c1996 a6 V aActivo, pasivo y capital 2 - - Organización de los estados y del mayor 94 - - Contabilidad de inventarios 217 - - Principios de contabilidad 276 - - Contabilidad de costos 310 - - Análisis de los datos financieros 346 - - Estados consolidados 445 - - La información contable como instrumento de la administración 477 - - Impuesto de renta 495 - - Listas de raya 534 14aCONTABILIDAD - EJERCICIOS14aCONTABILIDAD GENERAL